Green fingers : A total commitment to the development of farming

Bibliographic Details
Main Author: SAHADEVAN
Format: Book
Published: Seremban, Negeri Sembilan : Sahadevan Pub. , 1987
Subjects:

MARC

LEADER 00000cam a2200000 7i4500
001 0000000198
005 20000718.0
090 0 0 |a 630   |b SAH 1987 
100 1 0 |a SAHADEVAN   |h N. 
245 1 0 |a Green fingers :   |b A total commitment to the development of farming   |c N. Sahadevan 
260 0 0 |a Seremban, Negeri Sembilan :   |b Sahadevan Pub. ,   |c 1987 
300 |a 527 p. :   |b col. ill. ;   |c 30 cm. 
500 0 0 |a Includes index 
650 0 0 |a Agriculture 
999 |a 0000001365   |b Monograph   |c Reference   |e Default branch